| 000 | 01062naa a2200265 c 4500 | ||
|---|---|---|---|
| 001 | 48361 | ||
| 003 | ES-MaCES | ||
| 005 | 20161018125325.0 | ||
| 008 | 161018s2016 sp ||||| t||||||| ||spa d | ||
| 040 |
_aES-MaCES _bspa _cES-MaCES _dES-MaCES |
||
| 100 | 1 |
_99355 _aCavas Martínez, Faustino |
|
| 245 | 1 | 0 |
_aDesempleo juvenil y políticas de incentivación económica al empleo en la X Legislatura (2012-2015) _b: balance y perspectivas _cFaustino Cavas Martínez |
| 500 | _aResumen | ||
| 650 | 4 |
_928300 _apolítica de empleo |
|
| 650 | 4 |
_929983 _adesempleo de jóvenes |
|
| 650 | 4 |
_930270 _afomento del empleo |
|
| 650 | 4 |
_929242 _acreación de empleos |
|
| 650 | 4 |
_927182 _aoportunidades de empleo |
|
| 650 | 4 |
_927392 _aformación |
|
| 650 | 4 |
_928230 _ainnovación |
|
| 653 | 1 | 0 | _aEmpleo |
| 773 | 0 |
_985090 _dMadrid (Ignacio Ellacuría, 3, 28017) Civitas _o087988 _tNueva revista española de Derecho del trabajo _w(ES-MaCES)25060 _gn. 187 (mayo 2016) {10040 R. 087988} ;p. 139-157 |
|
| 902 | _aART Artículo de revista | ||
| 942 |
_2CES _cAR _h2.0. |
||
| 999 |
_c48361 _d48361 |
||